书目信息 |
| 题名: |
大学生形势与政策教育读本
|
|
| 作者: | 黄晓兵 , 刘俊 主编 | |
| 分册: | ||
| 出版信息: | 西安 西北工业大学出版社 2017 |
|
| 页数: | 112页 | |
| 开本: | 26cm | |
| 丛书名: | ||
| 单 册: | ||
| 中图分类: | G641.4 | |
| 科图分类: | ||
| 主题词: | 时事政策教育--shi shi zheng ce jiao yu--高等学校--教材 | |
| 电子资源: | ||
| ISBN: | 978-7-5612-5610-7 | |
| 000 | 00964nam0 2200265 450 | |
| 001 | 012001003957 | |
| 005 | 20131027143800.0 | |
| 010 | @a978-7-5612-5610-7@dCNY19.80 | |
| 099 | @aCAL 012018129426 | |
| 100 | @a20181018d2017 em y0chiy50 ea | |
| 101 | 0 | @achi |
| 102 | @aCN@b610000 | |
| 105 | @aa a 000yy | |
| 106 | @ar | |
| 200 | 1 | @a大学生形势与政策教育读本@Ada xue sheng xing shi yu zheng ce jiao yu du ben@f主编黄晓兵, 刘俊 |
| 210 | @a西安@c西北工业大学出版社@d2017 | |
| 215 | @a112页@c图@d26cm | |
| 320 | @a有书目 (第111页) | |
| 330 | @a本书共分为四章,主要内容包括创新发展——2017年“两会”精神解读、稳中求进——供给侧改革新成效、合作共赢——“一带一路”倡议新进展和处变不惊——国际热点问题解读。 | |
| 606 | 0 | @a时事政策教育@Ashi shi zheng ce jiao yu@x高等学校@j教材 |
| 690 | @aG641.4@v5 | |
| 701 | 0 | @a黄晓兵@AHuang Xiao Bing@4主编 |
| 701 | 0 | @a刘俊@ALiu Jun@4主编 |
| 801 | 0 | @aCN@b江苏凤凰@c20191020 |
| 905 | @b1228020-3@dG641.4@e1366@f4 | |
| 大学生形势与政策教育读本/主编黄晓兵, 刘俊.-西安:西北工业大学出版社,2017 |
| 112页:图;26cm |
| ISBN 978-7-5612-5610-7:CNY19.80 |
| 本书共分为四章,主要内容包括创新发展——2017年“两会”精神解读、稳中求进——供给侧改革新成效、合作共赢——“一带一路”倡议新进展和处变不惊——国际热点问题解读。 |
| ● |
| 相关链接 |
|
|
|
|
正题名:大学生形势与政策教育读本
索取号:G641.4/1366
 
预约/预借
| 序号 | 登录号 | 条形码 | 馆藏地/架位号 | 状态 | 备注 |
| 1 | 1228020 | 212280208 | 第一样本阅览室/ [索取号:G641.4/1366] | 在馆 | |
| 2 | 1228021 | 212280217 | 教育系资料室/ [索取号:G641.4/1366] | 在馆 | |
| 3 | 1228022 | 212280226 | 教育系资料室/ [索取号:G641.4/1366] | 在馆 | |
| 4 | 1228023 | 212280235 | 第四借阅区/ [索取号:G641.4/1366] | 在馆 |